000 02254nam0a22003611 4500
001 GAK\2554997
005 20260406121151.0
010 _bВ пер.
_d3 р. 75 к.
_92500
021 _aRU
_b71-96317
035 _a(NLR Aleph) 008739306
090 _a9523360
_c9523360
100 _a20121217d1971 |||y0rusy50 ca
101 0 _arus
102 _aRU
105 _aab z |||||
200 1 _aАэрометоды геологических исследований
_f[отв. ред. А.И. Виноградова]
_gМ-во геологии СССР. Лаб. аэрометодов
210 _aЛенинград
_cНедра, Ленинградское отделение
_d1971
215 _a703 с., 1 отд. л. табл.
_cил., карт.
_d27
300 _aВ огл. авт.: В.К. Еремин, А.И. Виноградова, Т.А. Попова и др.
320 _aСписки лит. в конце глав
421 0 _12001#$aАэромагнитная съемка при региональных тектонических исследованиях$fавт.: В.А. Озерцова, И.Г. Александров, А.И. Виноградова$gнауч. ред. Б.В. Шилин, А.К. Вайнберг$gМ-во геологии СССР. Всесоюз. аэрогеол. науч.-произв. объединение "Аэрология..."
_1210##$d1973
_tАэромагнитная съемка при региональных тектонических исследованиях
606 1 _aГеологические исследования
_xАэрометоды
_91085741
_3RU\NLR\AUTH\66106123
701 1 _aЕремин
_bВ. К.
_f1918-1994
_gВалерий Константинович
701 1 _aВиноградова
_bА. И.
_4340
_4070
701 1 _8rus
_7ca
_aПопова
_bТ. А.
_cканд. биол. наук
_f1922-2019
_gТатьяна Александровна
_3RU\NLR\AUTH\7745051
_927990
712 0 2 _aЛаборатория аэрометодов
_cЛенинград
_3RU\NLR\AUTH\8813703
_9300452
801 0 _aRU
_bNLR
_c20121217
_gpsbo
801 1 _aRU
_bNLR
_c20121217
_2rusmarc
801 2 _aRU
_bNLR
_c20121217
_2rusmarc
852 _aNLR
_j72-7/232
942 _cBOOK
980 _aNB